A tale of two cities

Bibliographic Details
Format: Book

MARC

LEADER 00000cam a2200000 7i4500
001 0000009625
002 000010488
005 20000330.0
020 |a 0870650076 
090 0 0 |a YF   |b DIC 
245 1 0 |a A tale of two cities 
999 |a 0007318   |b BUKU   |c PINJAMAN   |e PERPUSTAKAAN KOMUNITI PETALING JAYA